Он пытался доказать великую теорему Ферма; Известия Томского политехнического университета [Известия ТПУ]; Т. 306, № 5

Dettagli Bibliografici
Parent link:Известия Томского политехнического университета [Известия ТПУ]/ Томский политехнический университет (ТПУ).— , 2000-
Т. 306, № 5.— 2003.— [С. 137-141]
Autore principale: Беломестных В. Н. Владимир Николаевич
Altri autori: Беломестных Л. А. Людмила Афанасьевна, Круликовский Н. Н.
Riassunto:Заглавие с титульного листа
Электронная версия печатной публикации
После основателей высшего математического образования и математической науки в Сибири доктора чистой математики Федора Эдуардовича Молина и магистра чистой математики Владимира Леонидовича Некрасова, пожалуй, самой заметной фигурой был Всеволод Александрович Малеев. Краткому описанию его жизни и деятельности посвящена эта статья.
Lingua:russo
Pubblicazione: 2003
Serie:Страницы истории ТПУ
Soggetti:
Accesso online:http://www.lib.tpu.ru/fulltext/v/Bulletin_TPU/2003/v306/i5/35.pdf
Natura: MixedMaterials Elettronico Capitolo di libro
KOHA link:https://koha.lib.tpu.ru/cgi-bin/koha/opac-detail.pl?biblionumber=167867

MARC

LEADER 00000nla2a2200000 4500
001 167867
005 20231031162925.0
035 |a (RuTPU)RU\TPU\book\182117 
035 |a RU\TPU\book\182116 
090 |a 167867 
100 |a 20091021d2003 k y0rusy50 ca 
101 0 |a rus 
102 |a RU 
135 |a drnn ---uucaa 
200 1 |a Он пытался доказать великую теорему Ферма  |f В. Н. Беломестных, Л. А. Беломестных, Н. Н. Круликовский 
215 |a 1 файл (585 Кб) 
225 1 |a Страницы истории ТПУ 
230 |a Электронные текстовые данные (1 файл : 585 Кб) 
300 |a Заглавие с титульного листа 
300 |a Электронная версия печатной публикации 
320 |a [Библиогр.: с. 141 (9 назв.)] 
330 |a После основателей высшего математического образования и математической науки в Сибири доктора чистой математики Федора Эдуардовича Молина и магистра чистой математики Владимира Леонидовича Некрасова, пожалуй, самой заметной фигурой был Всеволод Александрович Малеев. Краткому описанию его жизни и деятельности посвящена эта статья. 
337 |a Adobe Reader 
461 1 |0 (RuTPU)RU\TPU\book\176237  |t Известия Томского политехнического университета [Известия ТПУ]  |f Томский политехнический университет (ТПУ)  |d 2000- 
463 1 |0 (RuTPU)RU\TPU\book\181929  |t Т. 306, № 5  |v [С. 137-141]  |d 2003  |p 146 с. 
600 1 |a Малеев  |b В. А.  |c математик  |f 1889-1938  |g Всеволод Александрович  |c профессор Томского индустриального института, доктор наук  |y Томск  |2 stltpush  |3 (RuTPU)RU\TPU\pers\9656 
610 1 |a теорема Ферма 
610 1 |a математическое образование 
610 1 |a математические науки 
610 1 |a Сибирь 
610 1 |a математика 
610 1 |a труды учёных ТПУ 
610 1 |a электронный ресурс 
700 1 |a Беломестных  |b В. Н.  |c российский математик  |c профессор Юргинского технологического института (филиал) Томского политехничесого университета  |f 1939-  |g Владимир Николаевич  |2 stltpush  |3 (RuTPU)RU\TPU\pers\25113 
701 1 |a Беломестных  |b Л. А.  |c российский математик  |c доцент Томского политехнического университета  |g Людмила Афанасьевна  |2 stltpush  |3 (RuTPU)RU\TPU\pers\25926 
701 1 |a Круликовский  |b Н. Н. 
801 1 |a RU  |b 63413507  |c 20090623  |g PSBO 
801 2 |a RU  |b 63413507  |c 20210521  |g PSBO 
856 4 |u http://www.lib.tpu.ru/fulltext/v/Bulletin_TPU/2003/v306/i5/35.pdf 
942 |c CF